Analysis of measure of with drawals in life insurance with the use of SAS

Guardado en:
Detalles Bibliográficos
Autor principal: Sakálová, Katarína, 1955-
Otros Autores: Ondrejková Krčová, Ingrid, 1969-
Formato: Capítulo de libro
Lenguaje:eslovaco
Materias:
Etiquetas: Agregar Etiqueta
Sin Etiquetas, Sea el primero en etiquetar este registro!

MARC

LEADER 00000nla a2200000 4500
001 0208605
005 20240502073451.7
041 0 |a slo 
044 |a SK 
245 1 0 |a Analysis of measure of with drawals in life insurance with the use of SAS  |c Katarína Sakálová, Ingrid Ondrejková Krčová 
500 |a Abstrakt 
610 2 0 |a poisťovne 
610 2 0 |a poistenie životné 
610 2 0 |a poistné 
610 2 0 |a matematika poistná 
610 2 0 |a metódy aktuárske 
610 2 0 |a jazyky programovacie 
100 1 |a Sakálová, Katarína, 1955- 
700 1 |a Ondrejková Krčová, Ingrid, 1969-